000 00662nam a2200193Ii 4500
003 JO-AjNU
008 230605s9999||||xx |||||||||||||| ||und||
040 _aJO-AjNU
_bara
_erda
_cJO-AjNU
041 _aara
050 1 4 _aTH7121
100 3 _aالحفار، خلدون/ م مشارك سليم امين,
_eauthor
_917667
245 0 0 _aتصميم وتنفيذ التكييف والتدفئة
264 3 1 _aبيروت: دار قتيبة للنشر، 1986
300 _a297ص
_bصور توضيحية
336 _atext
_btxt
_2rdacontent
337 _aunmediated
_bn
_2rdamedia
338 _avolume
_bnc
_2rdacarrier
650 4 _aالتدفئة-التبريد
_917668
999 _aA5507
_c9075
_d9075